Documento final
সংরক্ষণ করুন:
| সংস্থা লেখক: | |
|---|---|
| বিন্যাস: | পাঠ্য |
| ভাষা: | Spanish |
| প্রকাশিত: |
Nueva York:
Naciones Unidas,
1987
|
| বিষয়গুলি: | |
| ট্যাগগুলো: |
ট্যাগ যুক্ত করুন
কোনো ট্যাগ নেই, প্রথমজন হিসাবে ট্যাগ করুন!
|
MARC
| LEADER | 00000 a a2200000 04500 | ||
|---|---|---|---|
| 001 | 23783 | ||
| 003 | cru IIS | ||
| 005 | 20220418110611.0 | ||
| 008 | 220418b |||||||| |||| 00| 0 spa d | ||
| 040 | |c cru IIS | ||
| 090 | |a 10741.00 | ||
| 110 | |a Naciones Unidas. Conferencia Internacional sobre la Relación entre Desarme y Desarrollo. Nueva york, 24 agosto-11 septiembre 1987 | ||
| 245 | |a Documento final | ||
| 260 | |a Nueva York: |b Naciones Unidas, |c 1987 | ||
| 300 | |a 13 páginas | ||
| 650 | 0 | |9 350 |a DESARME | |
| 650 | 0 | |9 3294 |a DESARROLLO | |
| 942 | |2 ddc |c LI | ||
| 999 | |c 14643 |d 14643 | ||
